MLBB Champions - Statistics

General Stats
  • This quiz has been taken 8 times
  • The average score is 14 of 19
Answer Stats
Hint Answer % Correct
MSC 2019 Indonesia ONIC
100%
MPLI 2021 Indonesia ONIC
100%
MPLI 2022 Indonesia ONIC
100%
MSC 2023 Indonesia ONIC
100%
M7 Philipines Aurora PH
83%
M3 Philipines Blacklist
83%
M2 Philipines BREN
83%
M4 Philipines ECHO
83%
M1 Indonesia EVOS
83%
MSC 2024 Malaysia SRG
83%
M5 Philipines APBR
67%
M6 Philipines ONIC PH
67%
MPLI 2020 Indonesia RRQ
67%
MSC 2025 Philipines Team Liquid PH
67%
MPLI 2020 Indonesia Alter Ego
50%
MSC 2021 Philipines Execration
50%
MSC 2017 Thailand IDoNotSleep
50%
MSC 2022 Philipines RSG
33%
MSC 2018 Philpines Aether Main
17%
No matching quizzes found
Score Distribution
Percent of People with Each Score
Percentile by Number Answered
Your Score History
You have not taken this quiz